[Event "Pozarevac Rudar GM-B 01"]
[Site "Pozarevac"]
[Date "2024.02.06"]
[Round "8.3"]
[White "Citak, Selim"]
[Black "Zemlyanskii, Ivan"]
[Result "1/2-1/2"]
[WhiteElo "2326"]
[BlackElo "2492"]
[PlyCount "58"]
[EventDate "2024.01.31"]
[EventType "tourn"]
[EventRounds "9"]
[EventCountry "SRB"]
[SourceTitle "CB07_2024"]
[SourceDate "2024.02.14"]
[SourceVersion "1"]
[SourceVersionDate "2024.02.14"]
[SourceQuality "1"]
[WhiteTeam "TIeam B"]
[BlackTeam "TIeam D"]
[WhiteTeamCountry "SRB"]
[BlackTeamCountry "SRB"]

1. d4 Nf6 2. c4 e6 3. Nf3 b6 4. g3 Ba6 5. Qc2 c5 6. d5 exd5 7. cxd5 Bb7 8. Bg2 Nxd5 9. 0-0 Be7 10. Rd1 Nc6 11. Qf5 Nf6 12. e4 g6 13. Qf4 0-0 14. e5 Nh5 15. Qg4 Qb8 16. Nc3 Nxe5 17. Nxe5 Bxg2 18. Nxd7 Qb7 19. Nxf8 Nf6 20. Qh4 Bh1 21. f3 Qxf3 22. Rd2 c4 23. Nd7 Re8 24. Rf2 Bc5 25. Be3 Bxe3 26. Nxf6+ Kf8 27. Nd7+ Kg8 28. Nf6+ Kf8 29. Nd7+ Kg8 1/2-1/2

[Event "Rilton Cup 51st"]
[Site "Stockholm"]
[Date "2024.01.02"]
[Round "6"]
[White "Acikel, Mert"]
[Black "Citak, Selim"]
[Result "1/2-1/2"]
[WhiteElo "2253"]
[BlackElo "2350"]
[PlyCount "62"]
[EventDate "2023.12.27"]
[EventType "swiss"]
[EventRounds "9"]
[EventCountry "SWE"]
[SourceTitle "CB02_2024"]
[SourceDate "2024.01.10"]
[SourceVersion "1"]
[SourceVersionDate "2024.01.10"]
[SourceQuality "1"]

1. e4 c5 2. Nf3 Nc6 3. Bb5 g6 4. 0-0 Bg7 5. c3 Nf6 6. Qe2 0-0 7. d4 cxd4 8. cxd4 d5 9. e5 Ne4 10. Nc3 Nxc3 11. bxc3 Bg4 12. Bxc6 bxc6 13. Ba3 Qd7 14. Rfc1 Rfb8 15. h3 Bxf3 16. Qxf3 e6 17. Rcb1 Rb5 18. Qd3 Bf8 19. Bxf8 Rxf8 20. a4 Rb6 21. Rxb6 axb6 22. a5 bxa5 23. Rxa5 Qb7 24. Qc2 h5 25. g3 Ra8 26. Qa2 Rxa5 27. Qxa5 Qb1+ 28. Kg2 Qe4+ 29. Kg1 Kg7 30. h4 Qe1+ 31. Kg2 Qe4+ 1/2-1/2

[Event "Rilton Cup 51st"]
[Site "Stockholm"]
[Date "2023.12.30"]
[Round "4"]
[White "Hillarp Persson, Tiger"]
[Black "Citak, Selim"]
[Result "1-0"]
[WhiteElo "2493"]
[BlackElo "2350"]
[PlyCount "127"]
[EventDate "2023.12.27"]
[EventType "swiss"]
[EventRounds "9"]
[EventCountry "SWE"]
[SourceTitle "CB02_2024"]
[SourceDate "2024.01.10"]
[SourceVersion "1"]
[SourceVersionDate "2024.01.10"]
[SourceQuality "1"]

1. Nf3 Nf6 2. g3 d5 3. Bg2 e6 4. 0-0 Be7 5. c4 0-0 6. d4 dxc4 7. Qc2 a6 8. a4 Bd7 9. Qxc4 Bc6 10. Bg5 Bd5 11. Qc1 Nbd7 12. Nc3 h6 13. Bxf6 Nxf6 14. Rd1 Bxf3 15. Bxf3 c6 16. h4 a5 17. Kg2 Qb6 18. Qc2 Rfd8 19. e3 h5 20. Rd3 g6 21. Rad1 Kg7 22. e4 Rac8 23. Qe2 Rd7 24. e5 Nd5 25. Bxd5 cxd5 26. Nb5 Qd8 27. Rf3 Rc4 28. b3 Rc6 29. Rf4 Bb4 30. Rd3 Rc1 31. Rdf3 Qc8 32. Nd6 Bxd6 33. exd6 Kg8 34. Rf6 Qc2 35. Rxe6 Qxe2 36. Rxe2 Rc8 37. Re7 Rxe7 38. dxe7 Re8 39. Re3 f6 40. Re6 Kf7 41. Rd6 Kxe7 42. Rxd5 b6 43. Kf3 Rc8 44. Rb5 Rc6 45. d5 Rd6 46. Ke4 Kd7 47. b4 axb4 48. Rxb4 Kc7 49. Rc4+ Kb7 50. Kd4 Rd8 51. Rc6 Ra8 52. Rxf6 Rxa4+ 53. Ke5 b5 54. Rxg6 Ra2 55. Rf6 b4 56. Rf4 b3 57. Rb4+ Kc7 58. Rxb3 Rxf2 59. d6+ Kd7 60. Rb7+ Kd8 61. Rg7 Rf3 62. Ke6 Re3+ 63. Kf7 Rd3 64. Rg6 1-0

[Event "Ayvalik Chestnut"]
[Site "Ayvalik"]
[Date "2023.09.21"]
[Round "6.5"]
[White "Deveci, Huseyin Said"]
[Black "Citak, Selim"]
[Result "1/2-1/2"]
[WhiteElo "1948"]
[BlackElo "2341"]
[PlyCount "44"]
[EventDate "2023.09.18"]
[EventType "schev"]
[EventRounds "9"]
[EventCountry "TUR"]
[SourceTitle "EXT 2024"]
[Source "ChessBase"]
[SourceDate "2023.10.10"]
[SourceVersion "1"]
[SourceVersionDate "2023.10.10"]
[SourceQuality "1"]
[WhiteTeam "Team D"]
[BlackTeam "Team C"]
[WhiteTeamCountry "TUR"]
[BlackTeamCountry "TUR"]

1. e4 e5 2. Nf3 Nc6 3. Bb5 a6 4. Bxc6 dxc6 5. 0-0 Bg4 6. h3 Bh5 7. g4 Bg6 8. Nxe5 Qh4 9. Qf3 f6 10. Nxg6 hxg6 11. Kg2 g5 12. Rh1 Ne7 13. d3 Qh7 14. Be3 Ng6 15. Kf1 Nh4 16. Qe2 Bd6 17. Nd2 0-0-0 18. Nf3 Ng6 19. Ke1 Qg8 20. c3 c5 21. Kd2 Qe8 22. b3 Qb5 1/2-1/2

[Event "Ayvalik Chestnut"]
[Site "Ayvalik"]
[Date "2023.09.20"]
[Round "4.2"]
[White "Shanava, Konstantine"]
[Black "Citak, Selim"]
[Result "1/2-1/2"]
[WhiteElo "2474"]
[BlackElo "2341"]
[PlyCount "79"]
[EventDate "2023.09.18"]
[EventType "schev"]
[EventRounds "9"]
[EventCountry "TUR"]
[SourceTitle "EXT 2024"]
[Source "ChessBase"]
[SourceDate "2023.10.10"]
[SourceVersion "1"]
[SourceVersionDate "2023.10.10"]
[SourceQuality "1"]
[WhiteTeam "Team B"]
[BlackTeam "Team C"]
[WhiteTeamCountry "TUR"]
[BlackTeamCountry "TUR"]

1. e4 e5 2. Nf3 Nf6 3. Nc3 Nc6 4. h3 d5 5. Bb5 Nxe4 6. 0-0 Qd6 7. Re1 Bd7 8. d4 Nxc3 9. bxc3 e4 10. c4 a6 11. Ba4 Be7 12. cxd5 exf3 13. dxc6 Bxc6 14. Bxc6+ bxc6 15. Qxf3 0-0 16. Bf4 Qd7 17. Qg4 Qxg4 18. hxg4 Bb4 19. Re4 Rfe8 20. Rxe8+ Rxe8 21. Bxc7 Bc3 22. Rd1 Re2 23. d5 cxd5 24. Rxd5 h6 25. Bf4 Be1 26. Rd8+ Kh7 27. Rc8 Bxf2+ 28. Kf1 Re4 29. Bd6 Bh4 30. g3 Bf6 31. c4 Rxg4 32. c5 Rc4 33. c6 Bc3 34. Ke2 Ba5 35. Kd3 Rc3+ 36. Kd4 Rc2 37. Bc5 Rd2+ 38. Ke4 Rc2 39. Kd5 Rd2+ 40. Ke4 1/2-1/2

[Event "Budapest One Week GM-B"]
[Site "Budapest"]
[Date "2023.08.23"]
[Round "4"]
[White "Citak, Selim"]
[Black "Palczert, Matyas"]
[Result "1/2-1/2"]
[WhiteElo "2319"]
[BlackElo "2340"]
[PlyCount "120"]
[EventDate "2023.08.21"]
[EventType "tourn"]
[EventRounds "9"]
[EventCountry "HUN"]
[EventCategory "6"]
[SourceTitle "CBM 215 Extra"]
[Source "ChessBase"]
[SourceDate "2023.09.30"]
[SourceVersion "1"]
[SourceVersionDate "2023.09.30"]
[SourceQuality "1"]

1. d4 d5 2. c4 c6 3. Nf3 Nf6 4. Nc3 e6 5. Bg5 Nbd7 6. e3 Qa5 7. cxd5 Nxd5 8. Qd2 Bb4 9. Rc1 Nxc3 10. bxc3 Ba3 11. Rb1 b6 12. Bd3 Ba6 13. 0-0 Bxd3 14. Qxd3 0-0 15. e4 Rfe8 16. Rfe1 Rac8 17. Bd2 Bf8 18. e5 h6 19. c4 Qa6 20. Qb3 c5 21. d5 exd5 22. cxd5 c4 23. Qc2 c3 24. Bxc3 Qc4 25. Qf5 Qxd5 26. Rbd1 Qe6 27. Qxe6 Rxe6 28. Rxd7 Rxc3 29. Rxa7 Bc5 30. h4 Rc2 31. Rf1 f6 32. exf6 gxf6 33. Rd1 Rd6 34. Rxd6 Bxd6 35. Nh2 f5 36. Nf1 f4 37. Ra4 b5 38. Rd4 Bc5 39. Rxf4 Rxa2 40. Rf5 Rc2 41. Nd2 Bd6 42. Rxb5 Rxd2 43. g3 Kf7 44. Rf5+ Ke6 45. Rf3 Bc5 46. Kg2 Ke5 47. Rf4 Bd4 48. Kf1 Kd5 49. Kg2 Ra2 50. Kf1 Be5 51. Rf3 Ke4 52. Re3+ Kf5 53. Re2 Rxe2 54. Kxe2 Kg4 55. Kf1 Kh3 56. Kg1 Bd4 57. g4 Kxh4 58. Kg2 Kg5 59. f4+ Kxf4 60. Kh1 Kxg4 1/2-1/2

[Event "Ustron op-A"]
[Site "Ustron"]
[Date "2023.08.19"]
[Round "9"]
[White "Citak, Selim"]
[Black "Mickiewicz, Piotr"]
[Result "1-0"]
[WhiteElo "2319"]
[BlackElo "2243"]
[PlyCount "149"]
[EventDate "2023.08.11"]
[EventType "swiss"]
[EventRounds "9"]
[EventCountry "POL"]
[SourceTitle "CBM 215 Extra"]
[Source "ChessBase"]
[SourceDate "2023.09.30"]
[SourceVersion "1"]
[SourceVersionDate "2023.09.30"]
[SourceQuality "1"]

1. d4 Nf6 2. c4 g6 3. Nc3 Bg7 4. e4 d6 5. Nf3 0-0 6. Be2 c5 7. 0-0 Bg4 8. d5 a6 9. h3 Bxf3 10. Bxf3 b5 11. cxb5 axb5 12. Nxb5 Nbd7 13. Bd2 Nb6 14. Qc2 Qd7 15. Be2 c4 16. a4 Rfc8 17. Nc3 Qd8 18. a5 Nbd7 19. Na4 c3 20. Bxc3 Qxa5 21. Bxa5 Rxc2 22. Bd3 Rcc8 23. Bc3 Rcb8 24. b4 Nh5 25. Bxg7 Kxg7 26. Rfb1 Nf4 27. Bf1 f5 28. g3 Nh5 29. exf5 gxf5 30. b5 f4 31. Kh2 fxg3+ 32. fxg3 Nhf6 33. Bg2 h5 34. Nc3 Rxa1 35. Rxa1 Rc8 36. Ne2 Rc2 37. Nd4 Rb2 38. Kh1 Nb6 39. Nf5+ Kf7 40. Ra7 Nfd7 41. Bf3 Kf6 42. Nd4 Rb4 43. Ne2 h4 44. gxh4 Ne5 45. Kg2 Rb3 46. Be4 Rb4 47. Ng3 Rb2+ 48. Kg1 Nbd7 49. Ra1 Rxb5 50. Rf1+ Kg7 51. Nf5+ Kh8 52. Nxe7 Rb4 53. Bg2 Kh7 54. Nf5 Nc4 55. Re1 Nc5 56. h5 Nd3 57. Re7+ Kh8 58. Be4 Rb1+ 59. Kh2 Rb2+ 60. Kg3 Nc5 61. Re8+ Kh7 62. Nxd6+ Nxe4+ 63. Nxe4 Rb3+ 64. Kf4 Rd3 65. Rc8 Rd4 66. Rc7+ Kh8 67. Rd7 Nd2 68. Ke3 Rxe4+ 69. Kxd2 Rh4 70. Kd3 Kg8 71. Re7 Rxh5 72. Kd4 Kf8 73. Re3 Rh6 74. Kc5 Ra6 75. d6 1-0

[Event "Ustron op-A"]
[Site "Ustron"]
[Date "2023.08.14"]
[Round "5"]
[White "Klepek, Witold"]
[Black "Citak, Selim"]
[Result "1/2-1/2"]
[WhiteElo "2240"]
[BlackElo "2319"]
[PlyCount "159"]
[EventDate "2023.08.11"]
[EventType "swiss"]
[EventRounds "9"]
[EventCountry "POL"]
[SourceTitle "CBM 215 Extra"]
[Source "ChessBase"]
[SourceDate "2023.09.30"]
[SourceVersion "1"]
[SourceVersionDate "2023.09.30"]
[SourceQuality "1"]

1. e4 e5 2. d4 exd4 3. Nf3 Nc6 4. Nxd4 Nf6 5. Nxc6 bxc6 6. e5 Qe7 7. Qe2 Nd5 8. c4 Ba6 9. b3 g6 10. f4 d6 11. Qf2 Nf6 12. Ba3 Qe6 13. Be2 dxe5 14. Bxf8 Kxf8 15. Nc3 Kg7 16. 0-0 exf4 17. Qxf4 Rhe8 18. Bf3 Rad8 19. Rad1 Rxd1 20. Rxd1 Bc8 21. Na4 Qe5 22. Qxe5 Rxe5 23. Bxc6 Re2 24. Nc3 Rc2 25. Nb5 Rxa2 26. Nxc7 Rb2 27. Nb5 Rxb3 28. Nxa7 Be6 29. Rc1 Nd7 30. Nb5 Nc5 31. Nd4 Rb2 32. Bb5 Kf6 33. Rc2 Rxc2 34. Nxc2 Ke5 35. Kf2 f5 36. Ne1 Kd4 37. Nf3+ Kd3 38. Kg3 Ke3 39. h4 Ne4+ 40. Kh3 Nd6 41. h5 Kf4 42. hxg6 hxg6 43. Bc6 Bxc4 44. g3+ Ke3 45. Ne5 g5 46. Nxc4+ Nxc4 47. Bd7 Ke4 48. Kg2 Nb6 49. Bc6+ Ke3 50. Bb7 g4 51. Ba6 Nd5 52. Bb7 Nc3 53. Bc8 Ke4 54. Bb7+ Kd4 55. Kf2 Ne4+ 56. Kg2 Ke3 57. Bc6 Nd6 58. Bd5 Ke2 59. Be6 Ke1 60. Kg1 Kd2 61. Kf2 Kd3 62. Bd7 Kd4 63. Be6 Ne4+ 64. Kg2 Ke5 65. Bd7 Nf6 66. Bc8 Nd5 67. Kf2 Nb6 68. Bb7 Na4 69. Bc6 Nc5 70. Bb5 Kd4 71. Kg2 Ke3 72. Bc6 Kd2 73. Bb5 Ke1 74. Bc6 Ne6 75. Bd7 Nd4 76. Kg1 Ke2 77. Kg2 Nc2 78. Bb5+ Ke3 79. Bd7 Nd4 80. Bc8 1/2-1/2

[Event "Ustron op-A"]
[Site "Ustron"]
[Date "2023.08.13"]
[Round "3"]
[White "Mulawa, Cyprian"]
[Black "Citak, Selim"]
[Result "1/2-1/2"]
[WhiteElo "2186"]
[BlackElo "2319"]
[PlyCount "80"]
[EventDate "2023.08.11"]
[EventType "swiss"]
[EventRounds "9"]
[EventCountry "POL"]
[SourceTitle "CBM 215 Extra"]
[Source "ChessBase"]
[SourceDate "2023.09.30"]
[SourceVersion "1"]
[SourceVersionDate "2023.09.30"]
[SourceQuality "1"]

1. Nf3 Nf6 2. g3 d5 3. Bg2 e6 4. 0-0 Be7 5. b3 0-0 6. Bb2 c5 7. e3 Nc6 8. Qe2 b6 9. c4 Bb7 10. Rd1 Rc8 11. d4 cxd4 12. Nxd4 Nxd4 13. Bxd4 Qc7 14. Nd2 Rfd8 15. Rac1 dxc4 16. Nxc4 Bxg2 17. Kxg2 Qb7+ 18. Qf3 Qe4 19. a4 h5 20. h4 Rd5 21. Qxe4 Nxe4 22. Ne5 Rxc1 23. Rxc1 Bc5 24. Nc6 Rd7 25. b4 Bxd4 26. exd4 Rc7 27. b5 Nf6 28. Kf3 Nd5 29. Ke4 Kf8 30. f3 Ke8 31. g4 hxg4 32. fxg4 Ne7 33. g5 Nf5 34. d5 Nxh4 35. d6 Rd7 36. Rh1 Ng6 37. Rd1 Nf8 38. Ne5 Rd8 39. Nc6 Rd7 40. Ne5 Rd8 1/2-1/2

[Event "TUR-chT"]
[Site "Ankara"]
[Date "2023.07.20"]
[Round "11.21"]
[White "Citak, Selim"]
[Black "Erturan, Yakup"]
[Result "1/2-1/2"]
[WhiteElo "2327"]
[BlackElo "2363"]
[PlyCount "38"]
[EventDate "2023.07.10"]
[EventType "team-tourn"]
[EventRounds "11"]
[EventCountry "TUR"]
[SourceTitle "EXT 2024"]
[Source "ChessBase"]
[SourceDate "2023.10.10"]
[SourceVersion "1"]
[SourceVersionDate "2023.10.10"]
[SourceQuality "1"]
[WhiteTeam "Deniz Su Aquamatch"]
[BlackTeam "Darassufaka Spor"]
[WhiteTeamCountry "TUR"]
[BlackTeamCountry "TUR"]

1. d4 d5 2. c4 c6 3. cxd5 cxd5 4. Nc3 Nf6 5. Nf3 Nc6 6. Bf4 Bf5 7. e3 e6 8. Bd3 Bxd3 9. Qxd3 Bd6 10. Bxd6 Qxd6 11. 0-0 0-0 12. Rfc1 Rfc8 13. h3 h6 14. Nd2 Nd7 15. Nb5 Qb8 16. Nc3 Qd6 17. Nb5 Qb8 18. Nc3 Qd6 19. Nb5 Qb8 1/2-1/2

[Event "TUR-chT"]
[Site "Ankara"]
[Date "2023.07.11"]
[Round "2.3"]
[White "Citak, Selim"]
[Black "Can, Emre"]
[Result "1/2-1/2"]
[WhiteElo "2327"]
[BlackElo "2570"]
[PlyCount "76"]
[EventDate "2023.07.10"]
[EventType "team-tourn"]
[EventRounds "11"]
[EventCountry "TUR"]
[SourceTitle "EXT 2024"]
[Source "ChessBase"]
[SourceDate "2023.10.10"]
[SourceVersion "1"]
[SourceVersionDate "2023.10.10"]
[SourceQuality "1"]
[WhiteTeam "Deniz Su Aquamatch"]
[BlackTeam "Gokturk"]
[WhiteTeamCountry "TUR"]
[BlackTeamCountry "TUR"]

1. d4 d5 2. c4 e6 3. Nc3 Nf6 4. Bg5 Bb4 5. Nf3 h6 6. Bxf6 Qxf6 7. e3 0-0 8. Rc1 Nc6 9. a3 Bxc3+ 10. Rxc3 dxc4 11. Bxc4 e5 12. Nxe5 Nxe5 13. dxe5 Qxe5 14. 0-0 Bf5 15. Qh5 Qf6 16. Qf3 Qg6 17. Qf4 Rac8 18. Rd1 Rfd8 19. Rcc1 c6 20. e4 Be6 21. Bxe6 Qxe6 22. Qe3 b6 23. b4 Rxd1+ 24. Rxd1 c5 25. bxc5 Rxc5 26. g3 Qe7 27. Qd3 Ra5 28. Qd8+ Qxd8 29. Rxd8+ Kh7 30. Rd3 Kg6 31. Kg2 Kf6 32. f4 Rb5 33. Kf3 Rb2 34. h4 h5 35. g4 hxg4+ 36. Kxg4 Ra2 37. h5 Rg2+ 38. Kf3 Ra2 1/2-1/2

[Event "Ayvalik Yasemin"]
[Site "Ayvalik"]
[Date "2023.04.25"]
[Round "6"]
[White "Citak, Selim"]
[Black "Eren, Ataberk"]
[Result "1/2-1/2"]
[WhiteElo "2272"]
[BlackElo "2380"]
[PlyCount "73"]
[EventDate "2023.04.22"]
[EventType "schev"]
[EventRounds "9"]
[EventCountry "TUR"]
[SourceTitle "CBM 213 Extra"]
[Source "ChessBase"]
[SourceDate "2023.05.31"]
[SourceVersion "1"]
[SourceVersionDate "2023.05.31"]
[SourceQuality "1"]
[WhiteTeam "Team B"]
[BlackTeam "Team A"]
[WhiteTeamCountry "TUR"]
[BlackTeamCountry "TUR"]

1. d4 Nf6 2. c4 e6 3. Nc3 Bb4 4. Qc2 0-0 5. e4 d5 6. e5 Ne4 7. Bd3 c5 8. Nf3 cxd4 9. Nxd4 Nd7 10. Bf4 Qh4 11. g3 Qh5 12. 0-0 Bxc3 13. bxc3 g5 14. cxd5 exd5 15. Bxe4 dxe4 16. e6 gxf4 17. exd7 Bxd7 18. Qxe4 fxg3 19. fxg3 b6 20. Nf5 Bxf5 21. Rxf5 Qh6 22. Raf1 Rad8 23. Qe7 Rd2 24. R5f2 Rxf2 25. Rxf2 a6 26. Qf6 Qe3 27. Kg2 Qe4+ 28. Kh3 Qg6 29. Rf4 Qxf6 30. Rxf6 Rb8 31. Kg4 a5 32. Rc6 b5 33. a3 Kg7 34. Kf4 b4 35. cxb4 axb4 36. axb4 Rxb4+ 37. Kf3 1/2-1/2

[Event "Budapest FS04 IM"]
[Site "Budapest"]
[Date "2023.04.07"]
[Round "7"]
[White "Citak, Selim"]
[Black "Ilincic, Zlatko"]
[Result "1/2-1/2"]
[WhiteElo "2272"]
[BlackElo "2318"]
[PlyCount "32"]
[EventDate "2023.04.01"]
[EventType "tourn"]
[EventRounds "11"]
[EventCountry "HUN"]
[SourceTitle "CBM 213 Extra"]
[Source "ChessBase"]
[SourceDate "2023.05.31"]
[SourceVersion "1"]
[SourceVersionDate "2023.05.31"]
[SourceQuality "1"]

1. d4 Nf6 2. Nc3 d5 3. Bf4 Bf5 4. e3 e6 5. Nf3 Bd6 6. Ne5 Nbd7 7. Be2 Ne4 8. Nxe4 Bxe4 9. Nxd7 Qxd7 10. Bxd6 cxd6 11. 0-0 0-0 12. Bf3 Bf5 13. Bg4 Be4 14. Bf3 Bf5 15. Bg4 Be4 16. Bf3 Bf5 1/2-1/2

[Event "Budapest FS04 IM"]
[Site "Budapest"]
[Date "2023.04.03"]
[Round "3"]
[White "Citak, Selim"]
[Black "Krizsany, Laszlo"]
[Result "1/2-1/2"]
[WhiteElo "2272"]
[BlackElo "2361"]
[PlyCount "59"]
[EventDate "2023.04.01"]
[EventType "tourn"]
[EventRounds "11"]
[EventCountry "HUN"]
[SourceTitle "CBM 213 Extra"]
[Source "ChessBase"]
[SourceDate "2023.05.31"]
[SourceVersion "1"]
[SourceVersionDate "2023.05.31"]
[SourceQuality "1"]

1. d4 d5 2. c4 dxc4 3. Nf3 c5 4. Nc3 e6 5. e4 cxd4 6. Qxd4 Qxd4 7. Nxd4 a6 8. a4 Bb4 9. Bxc4 Nf6 10. f3 Bd7 11. Be3 Nc6 12. Nxc6 Bxc6 13. Ke2 Rc8 14. Rhc1 Nd7 15. Bb3 Bc5 16. Nd1 Bd6 17. h3 Ke7 18. Nf2 h6 19. Nd3 Ne5 20. Nxe5 Bxe5 21. Bc5+ Kf6 22. Rc2 g5 23. Rd1 Rhd8 24. Rxd8 Rxd8 25. Be3 Rd7 26. Bf2 Bd4 27. Be1 Be5 28. Bf2 Bd4 29. Be1 Be5 30. Bf2 1/2-1/2

[Event "Pozarevac Rudar 10th"]
[Site "Pozarevac"]
[Date "2023.02.08"]
[Round "8"]
[White "Mehmed, Elif"]
[Black "Citak, Selim"]
[Result "0-1"]
[WhiteElo "2147"]
[BlackElo "2281"]
[PlyCount "182"]
[EventDate "2023.02.02"]
[EventType "tourn"]
[EventRounds "9"]
[EventCountry "SRB"]
[SourceTitle "CBM 212 Extra"]
[Source "ChessBase"]
[SourceDate "2023.03.31"]
[SourceVersion "1"]
[SourceVersionDate "2023.03.31"]
[SourceQuality "1"]

1. e4 c5 2. Nf3 Nc6 3. d4 cxd4 4. Nxd4 g6 5. c4 Nf6 6. Nc3 Nxd4 7. Qxd4 d6 8. Be3 Bg7 9. Be2 0-0 10. Qd3 Qa5 11. 0-0 Be6 12. Rac1 Rfc8 13. b3 Nd7 14. Bd4 Bxd4 15. Qxd4 a6 16. Kh1 b5 17. f4 b4 18. f5 bxc3 19. fxe6 fxe6 20. Bg4 Nc5 21. Rxc3 Rf8 22. Rcc1 e5 23. Qd5+ Kg7 24. h4 Rxf1+ 25. Rxf1 Rf8 26. Bf3 Qc3 27. Qd1 a5 28. Qe2 h5 29. Kh2 Ne6 30. Qe1 Qb4 31. Qc1 Rf6 32. Qe3 Qc5 33. Qd2 Qa3 34. Rf2 Nd4 35. Qg5 Ne6 36. Qd2 Qb4 37. Qe3 Nd4 38. Qg5 Qe1 39. Qg3 Kf7 40. Rb2 Qe3 41. Rf2 Ke8 42. Rf1 Kd8 43. Qf2 Qxf2 44. Rxf2 Kc7 45. Kg3 Kb6 46. Rb2 Kc5 47. a3 Rf8 48. b4+ axb4 49. Rxb4 Ra8 50. Rb7 Nc6 51. Rb3 Kxc4 52. Rb6 Kc5 53. Rb3 Ra4 54. Kf2 e6 55. Be2 Nd4 56. Rc3+ Kb6 57. Bd1 Nb5 58. Rg3 Rxe4 59. Rxg6 Rxh4 60. Rxe6 Kc5 61. Rh6 Rf4+ 62. Ke3 h4 63. Rh8 Nxa3 64. Rc8+ Kb6 65. Be2 d5 66. Re8 Re4+ 67. Kd2 Nc4+ 68. Bxc4 dxc4 69. Kc3 Kc5 70. Rc8+ Kd5 71. Rd8+ Ke6 72. Re8+ Kf5 73. Rf8+ Kg4 74. Rg8+ Kf4 75. Rg7 Ke3 76. g3 hxg3 77. Rxg3+ Kf4 78. Rg8 Rd4 79. Re8 Rd7 80. Kxc4 e4 81. Kc3 Kf3 82. Kc2 e3 83. Rf8+ Ke2 84. Re8 Rc7+ 85. Kb2 Kd2 86. Rd8+ Ke1 87. Re8 e2 88. Rf8 Rc5 89. Rf7 Kd2 90. Rd7+ Ke3 91. Re7+ Kd3 0-1

[Event "Pozarevac Rudar 10th"]
[Site "Pozarevac"]
[Date "2023.02.04"]
[Round "3"]
[White "Citak, Selim"]
[Black "Tekeyev, Zaur"]
[Result "0-1"]
[WhiteElo "2281"]
[BlackElo "2397"]
[PlyCount "114"]
[EventDate "2023.02.02"]
[EventType "tourn"]
[EventRounds "9"]
[EventCountry "SRB"]
[SourceTitle "CBM 212 Extra"]
[Source "ChessBase"]
[SourceDate "2023.03.31"]
[SourceVersion "1"]
[SourceVersionDate "2023.03.31"]
[SourceQuality "1"]

1. d4 Nf6 2. c4 g6 3. Nc3 Bg7 4. e4 d6 5. Nf3 0-0 6. Be2 Na6 7. 0-0 e5 8. d5 Nc5 9. Qc2 a5 10. Bg5 h6 11. Be3 b6 12. Nd2 Nh7 13. f3 h5 14. b3 Bf6 15. a3 Bg5 16. Bxg5 Qxg5 17. Kh1 Na6 18. Rf2 h4 19. Nf1 f5 20. Qd2 Nc5 21. Bd1 fxe4 22. Nxe4 Nxe4 23. fxe4 Rxf2 24. Qxf2 Bd7 25. Bf3 Rf8 26. Qe3 Qxe3 27. Nxe3 Ng5 28. Rf1 Rf4 29. Kg1 Kg7 30. b4 Nxe4 31. bxa5 bxa5 32. Rb1 Nc5 33. Rb8 Rf8 34. Rb2 g5 35. Be2 Kf7 36. Kf2 Ke7+ 37. Ke1 h3 38. gxh3 Bxh3 39. Rb5 a4 40. Ra5 Rb8 41. Rb5 Rh8 42. Ra5 Rb8 43. Rb5 Rb7 44. Rxb7 Nxb7 45. Bd1 Nc5 46. Kd2 Bd7 47. Kc3 Kf6 48. Ng2 g4 49. Kd2 Kg5 50. Ke3 Bc8 51. Be2 Bb7 52. Kf2 Ne4+ 53. Ke3 Nf6 54. Bd1 c6 55. Bxa4 cxd5 56. cxd5 Nxd5+ 57. Kd2 Nb6 0-1

[Event "EU-ch Cities&Town op"]
[Site "Tornelo INT"]
[Date "2023.01.29"]
[Round "?"]
[White "Ioannidis, Evgenios"]
[Black "Citak, Selim"]
[Result "1-0"]
[WhiteElo "2476"]
[BlackElo "2281"]
[PlyCount "65"]
[EventDate "2023.01.29"]
[EventType "team-swiss"]
[EventRounds "9"]
[EventCountry "NET"]
[SourceTitle "CBM 212 Extra"]
[Source "ChessBase"]
[SourceDate "2023.03.31"]
[SourceVersion "1"]
[SourceVersionDate "2023.03.31"]
[SourceQuality "1"]
[WhiteTeam "Thessaloniki"]
[BlackTeam "Istanbul"]
[WhiteTeamCountry "GRE"]
[BlackTeamCountry "TUR"]

1. d4 Nf6 2. c4 e6 3. Nc3 d5 4. cxd5 exd5 5. Bg5 Be7 6. e3 c6 7. Bd3 Nbd7 8. Nge2 Nh5 9. Bxe7 Qxe7 10. g4 Nhf6 11. Ng3 Nb6 12. g5 Nfd7 13. h4 Nf8 14. Qf3 Be6 15. Nh5 Rg8 16. 0-0-0 0-0-0 17. Rhg1 Ng6 18. Rh1 Qb4 19. a3 Qa5 20. Ng3 Nd7 21. h5 Ngf8 22. Nf5 Bxf5 23. Qxf5 f6 24. gxf6 gxf6 25. Rhg1 Rxg1 26. Rxg1 Qc7 27. Qh3 Kb8 28. h6 Ng6 29. Bxg6 Rg8 30. Rg3 hxg6 31. h7 Rh8 32. Rxg6 Qd8 33. Qg3+ 1-0